[Event "Poti op 16th"]
[Site "Poti"]
[Date "2023.07.18"]
[Round "7"]
[White "Gevorgyan, Alen"]
[Black "Nigalidze, Gaioz"]
[Result "0-1"]
[WhiteElo "1854"]
[BlackElo "2453"]
[PlyCount "114"]
[EventDate "2023.07.12"]
[EventType "swiss"]
[EventRounds "9"]
[EventCountry "GEO"]
[SourceTitle "EXT 2024"]
[Source "ChessBase"]
[SourceDate "2023.10.10"]
[SourceVersion "1"]
[SourceVersionDate "2023.10.10"]
[SourceQuality "1"]

1. d4 Nf6 2. c4 c5 3. d5 b5 4. cxb5 a6 5. bxa6 e6 6. Nc3 exd5 7. Nxd5 Be7 8. e4 0-0 9. e5 Nxd5 10. Qxd5 Nc6 11. Nf3 Bxa6 12. Bxa6 Qa5+ 13. Qd2 Qxa6 14. Qe2 Nb4 15. Qxa6 Rxa6 16. Ke2 Nxa2 17. Be3 Rb8 18. Rhb1 f6 19. Kf1 fxe5 20. Nxe5 d5 21. b3 Rba8 22. Rd1 Bf6 23. f4 d4 24. Bd2 Bxe5 25. fxe5 Kf7 26. Be1 Ke6 27. Kg1 Kxe5 28. Bg3+ Kd5 29. Re1 Nc3 30. Re5+ Kc6 31. Rae1 Kb5 32. Re7 R8a7 33. Re8 Rd7 34. Bf4 d3 35. Rb8+ Rb6 36. Rxb6+ Kxb6 37. Bd2 Ne2+ 38. Kf2 Nd4 39. Rb1 Re7 40. Be3 Nc2 41. Bf4 Kb5 42. Rd1 Rd7 43. Bd2 Nd4 44. Rb1 Re7 45. Be3 Nc2 46. Bf4 Kb4 47. Bd2+ Ka3 48. Bc3 Rb7 49. Rd1 Rf7+ 50. Kg1 Rd7 51. Rb1 Nd4 52. Kf2 Nxb3 53. Ke3 c4 54. Ke4 d2 55. Rd1 g6 56. g4 Rd3 57. Bg7 Nc5+ 0-1

[Event "Poti op 16th"]
[Site "Poti"]
[Date "2023.07.15"]
[Round "4"]
[White "Mkrtchian, Simon"]
[Black "Gevorgyan, Alen"]
[Result "1-0"]
[WhiteElo "2255"]
[BlackElo "1854"]
[PlyCount "75"]
[EventDate "2023.07.12"]
[EventType "swiss"]
[EventRounds "9"]
[EventCountry "GEO"]
[SourceTitle "EXT 2024"]
[Source "ChessBase"]
[SourceDate "2023.10.10"]
[SourceVersion "1"]
[SourceVersionDate "2023.10.10"]
[SourceQuality "1"]

1. e4 c5 2. Nf3 e6 3. g3 Nc6 4. Bg2 Nf6 5. Qe2 Qc7 6. 0-0 d6 7. c3 Be7 8. d4 cxd4 9. cxd4 0-0 10. Nc3 e5 11. d5 Nb8 12. h3 Bd7 13. a4 Rc8 14. Be3 Na6 15. Nd2 Qa5 16. Ra3 Nb4 17. Rb1 Qa6 18. Qd1 Qa5 19. Bf1 Be8 20. Qb3 Nd7 21. Nc4 Rxc4 22. Bxc4 Nc5 23. Qd1 Rc8 24. Bb5 Qd8 25. Bxe8 Qxe8 26. Bxc5 Rxc5 27. Rb3 a5 28. Nb5 Qc8 29. Rc3 Rxc3 30. bxc3 Na6 31. Qg4 Qc4 32. Na7 Nc5 33. Nc6 Bf8 34. Qc8 g6 35. Rxb7 Qxe4 36. Rb8 Qe1+ 37. Kg2 Qe4+ 38. Kh2 1-0